000 00830nam a22002535i 4500
001 18667
003 ES-MaACL
005 20250716062619.0
007 t|
008 020226s1994 sp ||||0| spa j
020 _a84-376-1291-8
040 _aM-BN
_bspa
_cM-BN
080 _a821.133.1-13"18"
100 1 _aHugo, Victor,
_d1802-1885
_964627
245 1 3 _aLa leyenda de los siglos
_b: (selección) /
_cVíctor Hugo ; edición de José Manuel Losada Goya ; traducción de José Manuel Losada Goya.
260 _aMadrid :
_bCátedra,
_cD.L. 1994.
300 _a322 p :
_b1 retr ;
_c18 cm.
490 1 _aLetras universales ;
_v211
700 1 _aLosada Goya, José Manuel.
_974270
830 0 _aLetras universales ;
_v211
_9178013
852 _aES-MaACL
_jL-25455
_bR.131402
999 _c18667
_d18667